| 000 | 00903cab a22001935a 4500 | ||
|---|---|---|---|
| 001 | L141291 | ||
| 008 | 071114e20071019xxkd f 000 0 eng d | ||
| 035 | _a(Sirsi) u141291 | ||
| 041 | 0 | _aeng | |
| 100 | 1 | _aGlackin, Michael | |
| 245 | 0 | 0 | _aBalfour reigns on as Durkan and Leadbetter hit the big time |
| 260 | _c2007 | ||
| 490 | 0 |
_aBuilding _v272(8502) 19 October 2007, 20-21(2) |
|
| 520 | _aBarbour ABI's monthly figures show EC Harris heading the table of top quantity surveyors for the 12 months to September 2007. Turner and Townsend were runners up, with Davis Langdon in third place. Balfour Beatty topped the contractors' league for the same period and for the monthly work won in September 2007. Also includes tables for architects and clients/promoters. | ||
| 590 | _aKA | ||
| 651 | 4 |
_aUnited Kingdom _y |
|
| 690 | _aBUILT ENVIRONMENT-QUANTITY SURVEYING-QUANTITY SURVEYORS | ||
| 942 | _n0 | ||
| 999 |
_c79438 _d79438 |
||